You Can't Fight the Homestuck Lyrics - Statistics

General Stats
  • This quiz has been taken 8 times
  • The average score is 85 of 128
Answer Stats
Hint Lyrics % Correct
Drink that may or may not actually be urine Apple juice
100%
Term used when a character rises to a higher level Ascend
100%
What John accidentally creates in the lab Babies
100%
Dave's ectobiological father Bro
100%
Character with a Wallet Fetch Modus Dad
100%
What Dave's sprite is called Davesprite
100%
Antonym of the previous Descend
100%
What players ascend to when they're killed on their quest bed God tiers
100%
Species of Jade's pet, Becquerel Good dog, best friend
100%
Jade's dead family member that's stuffed and kept by the fireplace Grandpa
100%
Character who lives by herself on an island Jade Harley
100%
Rose's first cat Jaspers' secret
100%
Very first character seen in Homestuck John Egbert
100%
First troll seen in Homestuck Karkat’s a crab
100%
A calendar was released with Eridan crossdressing in this month's picture March drag
100%
Group featured in the first intermission Midnight Crew
100%
Pre-Scratch Roxy Lalonde Mom
100%
What John's sprite takes the form of Nanna
100%
:33 < *troll who types in a roleplay style! :33* Nepeta
100%
Actor who stars in one of John's favorite movies "Con Air" Nic Cage
100%
Service the kids use to chat with each other Pesterchum
100%
John's gift that he names Liv Tyler Robot bunnies
100%
Eighth member of the Felt Snowman
100%
Blind troll Terezi’s nuts
100%
Computer game that is the catalyst for the story They all play Sburb and end the world
100%
How characters flee from a fight Abscond
86%
Guardians to the trolls All the Lusii get culled
86%
Troll who gets proposed to by Hussie And Vriska is a badass
86%
Character with red text Dave Strider
86%
Purple planet and yellow planet that characters go to when they fall asleep Derse and Prospit
86%
"The white text guy" Doc Scratch
86%
Special science involving matter transportation Ectobiology
86%
Troll whose Lusus is named Aurthour Equius
86%
Troll who is the lowest on the hemospectrum caste Exploring with Aradia
86%
Troll who is the highest on the hemospectrum caste Feferi
86%
Jade's planet in the Medium Frost and Frogs
86%
Troll whose trolltag is "terminallyCapricious" Gamzee’s got issues with his dad
86%
Terezi's nickname for Dave H3Y COOLK1D, 1S TH1S YOU?
86%
Dave's planet in the Medium Heat and Clockwork
86%
Separate comic by Homestuck's creator that's also featured in Homestuck Hella Jeff and Sweet Bro
86%
Dersite who is one of the main antagonists Jack causes many people’s end
86%
Troll who becomes a rainbow drinker Kanaya the vampire fashion queen
86%
Alternian version of Peter Pan Pupa Pan
86%
Character under the handle "tentacleTherapist" Rose Lalonde
86%
Troll whose dancestor is Cronus She slices Eridan in half
86%
What Karkat uses to show John their romance system Shipping charts
86%
Troll represented by the Gemini sign Sollux
86%
What Grandpa does with the corpse of Dream Jade Stuffing corpses
86%
Troll whose classpect is Page of Breath Tavros
86%
How Rose maneuvers sometimes Youth Roll
86%
Number of the blind prophets 413
71%
Character with orange text And Dirk
71%
Ruler of Derse Black Queen
71%
John's adopted salamander Casey
71%
Small society that Wayward Vagabond creates City of cans
71%
Alternate realities where characters die Doomed timelines
71%
Gamzee's favorite drink Faygo
71%
A SBaHJ joke that's referenced in Dave's strife with Bro I warned you bout those stairs, man
71%
First character that appears in Act 6 Jane
71%
Rose's planet in the Medium Light and Rain
71%
One of the most important characters in Homestuck Lil' Cal
71%
Rose's second cat Mutie
71%
Sound the crocodile consorts make Nak Nak
71%
Term used when a character reaches god tier Rise up
71%
Character under the handle "tipsyGnostalgic" Roxy
71%
What Karkat says/does to pacify Gamzee Shoosh pap
71%
Term for great rhymes Sick fires
71%
What Bing Crosby often gets called in Homestuck Who even is this douchebag?
71%
John's planet in the Medium Wind and Shade
71%
Phrase used when many things are happening at once All the irons in the fire
57%
Entities that Eridan kills on his planet in the Medium Angels
57%
Baking company John hates Betty Crocker
57%
Device that "blows up" the Green Sun Blowing up the Tumor
57%
Taboo items in Alternian society due to their relation to reproduction Buckets
57%
Creatures that live on the planets in the Medium Consorts
57%
Event where the Dersites defeat the Prospitians Countdown to the Reckoning
57%
Devices that can accurately make predictions, but can only be seen by those with special vision Cue balls
57%
First item used to prototype John's Kernelsprite Harlequin
57%
Character who lives by himself on an island Jake
57%
One way to describe the Makara line Killer clowns
57%
The "pale quadrant" Moirail
57%
Weapon creating by combining a Claw Hammer and a Green Slime Ghost Pogo Pogo Hammer
57%
Dirk's hero class Princely tights
57%
Hobby of Dave's, and an art form on Alternia Rap wars
57%
Exile who's obsessed with the law Renegade
57%
Author of the "Daunting Text of Magical Frivolity and Practical Japery" book Sassacre
57%
Celestial body that directs the meteors to Earth Skaia
57%
Cute and friendly squid creatures Squiddles
57%
Amphibian that represents the universe The universe is a frog
57%
Initialism of the Pesterchum handle(s) for the cherub(s) UU / uu
57%
Final bosses players face in the Medium And denizens
43%
One half of the species of Tavros' Lusus And fairies
43%
The "caliginous quadrant" And Kismesis
43%
One's main weapon that they're storing And strife specibus
43%
The "ashen quadrant" Auspistice
43%
Citizens of the previous Carapaces
43%
The Knight of Time's exploits while time traveling cause a lot of... Dead Daves are the enemy
43%
Another name for Feferi's ancestor Don’t screw with the Condesce
43%
Ranking system where one ascends by doing achievements Echeladder
43%
Gang that works for Lord English Felt mob
43%
John and Dave's class, respectively Heir and Knight
43%
Creatures in the Furthest Ring Horrorterrors kill you
43%
Initialism of the hip-hop band that becomes president of the U.S. ICP
43%
The "flushed quadrant" Matesprits
43%
Term for the trolls' singular Sgrub session that they originally thought was split up Mobius Double Reacharound
43%
Dragon plushies that Terezi has Scalemates
43%
What the Signless is viewed as Troll Jegus
43%
The second words in WV and PM respectively Vagabond and Mendicant
43%
Jade and Rose's class, respectively Witch and Seer
43%
As long as it's not heroic or just, god tiers that die will always... All who die come back again
29%
Colloquial term for the universe created after the Scratch Alphaverse
29%
The kids' methods of carrying and storing items Captchalogue Modus
29%
Special places where characters can relive memories and live beyond death Dream bubbles
29%
Planet whose creation is responsible for Lord English Green Sun
29%
Food Network host that is killed by post-Scratch Rose Guy Fieri is the antichrist
29%
Character killed at the end of Act 6 Intermission 2 Lord English killed Hussie
29%
Creature Hussie rides to get revenge on some bullies (in a reference to The Neverending Story) Magic dogs
29%
How Serenity the firefly communicates Morse code
29%
Alternian version of beds Recupercoons
29%
What Hussie finds while hunting for Doc Scratch Scary wolf heads
29%
Surprisingly flammable face cosmetic Shaving cream
29%
What confusing time travel can be described as Shenanigans
29%
Six word code that created Doc Scratch t1ck t0ck 8r8k H34DS honk HONK
29%
Alternian version of "The Fresh Prince of Bel-Air" Thresh Prince
29%
It was once popular to depict Terezi and Sollux as this crime-fighting profession Troll cops
29%
Warhammer John is gifted Zillyhoo
29%
Flash that crashed both MS Paint Adventures and Newgrounds Cascade
14%
How Eridan K.O.'s Sollux Science beam
14%
No matching quizzes found
Score Distribution
Percent of People with Each Score
Percentile by Number Answered
Your Score History
You have not taken this quiz